Kamarád dobré nálady : Ze vzpomínek Františka Filipovského /

Hlavní autor: Tvrzník, Jiří, 1932-
Další autoři: Filipovský, František, 1907-1993
Jazyk: Čeština
Vydáno: Praha : Univers, 1994
Vydání: 1. vyd.
Témata:
Externí odkaz: Digitalizovaný dokument
Fyzický popis: 196 s., fotogr. na příl.
Knihy
Uloženo v:
LEADER 01769nam a2200433 a 4500
001 000004839
003 CZ BrMZK
005 20250121085051.0
007 ta
008 941118s1994 xr e acze d
015 |a cnb000090349 
020 |a 80-901525-4-6  |c 68.00 
040 |a BOA001  |b cze 
043 |a e-xr--- 
045 |a x-x- 
072 7 |a 791/793  |x Divadlo, film, tanec (obecně)  |2 Konspekt  |9 3 
072 7 |a 929  |x Biografie  |2 Konspekt  |9 8 
080 |a 791/792.071.2  |2 MRF 
080 |a 929  |2 MRF 
080 |a (437.3)  |2 MRF 
080 |a (0:82-94)  |2 MRF 
100 1 |a Tvrzník, Jiří,  |d 1932-  |7 jk01140525  |4 aut 
245 1 0 |a Kamarád dobré nálady :  |b Ze vzpomínek Františka Filipovského /  |c Jiří Tvrzník ; Přeprac. vyd. podle knihy Šest dýmek F. F 
250 |a 1. vyd. 
260 |a Praha :  |b Univers,  |c 1994 
300 |a 196 s., fotogr. na příl. 
500 |a Dostupné též v digitální podobě v aplikaci Kramerius 
600 1 7 |a Filipovský, František,  |d 1907-1993  |7 jk01031193  |2 czenas 
648 7 |a 20. století  |7 ch460558  |2 czenas 
650 0 7 |a herci  |7 ph117199  |z Česko  |y 20. století  |2 czenas 
650 0 9 |a actors  |z Czechia  |y 20th century  |2 eczenas 
655 7 |a autobiografické vzpomínky  |7 fd131854  |2 czenas 
655 9 |a autobiographical reminiscences  |2 eczenas 
700 1 |a Filipovský, František,  |d 1907-1993  |7 jk01031193  |4 aut 
856 4 1 |u http://www.digitalniknihovna.cz/mzk/uuid/uuid:b02de950-515f-11e5-bc53-005056827e52  |y Digitalizovaný dokument  |x NDK 
910 |a BOA001  |b 2-1003.634  |b PK-0121.947 
990 |a BK 
996 6 |b 2610014553  |c 2-1003.634  |l MZK  |r Sklad / do 1 hodiny  |n 5  |p p.v.  |w 000004839  |u 000010  |a 1  |e BOA001  |j MZK50  |s P 
996 7 |b 3119994835  |c PK-0121.947  |l MZK  |r Sklad / do 1 hodiny  |n 5  |w 000004839  |u 000020  |a 1  |e BOA001  |j MZK50  |s A